| 000 | 00500nam a2200181Ia 4500 | ||
|---|---|---|---|
| 005 | 20250508154444.0 | ||
| 008 | 008 250505s9999 xx 000 0 hin d | ||
| 037 | _aTextual | ||
| 040 |
_aFEDL _beng _cFEDL |
||
| 041 |
_ahin _2hin |
||
| 084 |
_a491.438, BHA _qFEDL |
||
| 100 |
_aBhatiya Hansraj _9417854 |
||
| 245 | 0 | _aRachna ki shiksha | |
| 260 |
_aBombay, India _bOrient Longman Pvt. Ltd. _c1958 |
||
| 300 | _a15p. | ||
| 942 |
_cTEXL _h491.438, BHA |
||
| 999 |
_c1350354 _d1350354 |
||